Report (Record no. 680434)

MARC details
000 -LEADER
fixed length control field 00802nam a2200277Ia 4500
003 - CONTROL NUMBER IDENTIFIER
control field OSt
005 - DATE AND TIME OF LATEST TRANSACTION
control field 20220927103021.0
008 - FIXED-LENGTH DATA ELEMENTS--GENERAL INFORMATION
fixed length control field 220926b |||||||| |||| 00| 0 eng d
037 ## - SOURCE OF ACQUISITION
Terms of availability Reference Collections
040 ## - CATALOGING SOURCE
Original cataloging agency RTL
Transcribing agency RTL
Language of cataloging eng
041 ## - LANGUAGE CODE
Source of code eng
Language code of text/sound track or separate title eng
110 ## - MAIN ENTRY--CORPORATE NAME
Corporate name or jurisdiction name as entry element Seminar on Planning Techniques
9 (RLIN) 353025
245 #0 - TITLE STATEMENT
Title Report
260 ## - PUBLICATION, DISTRIBUTION, ETC.
Place of publication, distribution, etc. New
Name of publisher, distributor, etc. York United Nations U. S. A.
Date of publication, distribution, etc. 1966
300 ## - PHYSICAL DESCRIPTION
Extent "iv, 190p."
Dimensions cm.
490 ## - SERIES STATEMENT
Series statement United Nations Publication
500 ## - GENERAL NOTE
General note Sales No. 66.II.B.13; Appendix p.177-79
650 ## - SUBJECT ADDED ENTRY--TOPICAL TERM
Topical term or geographic name entry element Planned Economy
700 ## - ADDED ENTRY--PERSONAL NAME
Personal name Seminar on Planning Techniques
9 (RLIN) 353026
942 ## - ADDED ENTRY ELEMENTS (KOHA)
Classification part "X:75p1,N64, K6"
Koha item type

No items available.

Copyright @ Delhi University Library System